Pen pictures of the early church leaders / (Record no. 143647)

MARC details
000 -LEADER
fixed length control field 00581nam a22001817a 4500
005 - DATE AND TIME OF LATEST TRANSACTION
control field 20170822143156.0
010 ## - LCCN (DPL NO)
LC control number ENG-119944
020 ## - INTERNATIONAL STANDARD BOOK NUMBER
International Standard Book Number 9789381011650-x
Terms of availability 120.00
035 ## - SYSTEM CONTROL NUMBER
System control number EN-103476
037 ## - SOURCE OF ACQUISITION
Source of stock number/acquisition DBAB/PUB
082 ## - DEWEY DECIMAL CLASSIFICATION NUMBER
Classification number 253.5
100 ## - MAIN ENTRY--PERSONAL NAME
Personal name Naismith, Archibald
245 ## - TITLE STATEMENT
Title Pen pictures of the early church leaders /
Statement of responsibility, etc by Archibald Naismith
260 ## - PUBLICATION, DISTRIBUTION, ETC. (IMPRINT)
Place of publication, distribution, etc Chennai
Name of publisher, distributor, etc Moriah Ministeries
Date of publication, distribution, etc 2015
270 ## - ADDRESS
Address No. 31/33, Water Tank Road, MMDA Colony Arumbakkam,
City Chennai
Postal code 600106
300 ## - PHYSICAL DESCRIPTION
Extent xvi,175p. :
Dimensions 22cm(pbk)
Other physical details ill.
942 ## - ADDED ENTRY ELEMENTS (KOHA)
Source of classification or shelving scheme Dewey Decimal Classification
Item type English Books
Classification part 253.5
Call number suffix NAI
Holdings
Withdrawn status Lost status Not for loan Collection code Home library Current library Date acquired Source of acquisition Cost, normal purchase price Full call number Barcode Copy number Cost, replacement price Koha item type
      Non-fiction Narela Narela 22/08/2017 DBAD/PUB 120.00 253.5 NAI EN-103476 1 120.00 English Books

© Delhi Public Library
Hit Counter
free hit counter